| 000 | 00952nam a2200229 i 4500 | ||
|---|---|---|---|
| 001 | 154209 | ||
| 003 | ES-MaACL | ||
| 005 | 20251003180424.0 | ||
| 008 | 051017s1837 fr af | |||||||| ||fre d | ||
| 040 |
_aCAM _bspa _cCAM |
||
| 245 | 0 | 0 |
_aGalerie pittoresque d'histoire naturelle / _cdessinée et gravée par Andrew, Best, Leloir et Susemihl ; précédée d'un cours élementaire de'histoire naturelle par M. Boitard. |
| 250 | _a2e éd. | ||
| 260 |
_aParis : _bGayet et Lebrun, _c1837 ( _fImprimerie de E. Duverger) |
||
| 300 |
_a48 p., [76] h. de lám. ; _c28 cm. |
||
| 650 | 4 |
_aZoología- _vObras ilustradas. _9146318 |
|
| 700 | 1 |
_aBoitard, Pierre, _d1789-1859 _9146312 |
|
| 700 | 1 |
_aLeloir, Jean-Baptiste Auguste, _d1809-1892 _9146313 |
|
| 700 | 1 |
_aBest ( _d18..-18.. ; graveur sur bois) _9146314 |
|
| 700 | 1 |
_aAndrew ( _d18..-18.. ; graveur sur bois) _9146316 |
|
| 852 |
_aES-MaACL _jG-6547 _z- Enc. ed. cart. |
||
| 999 |
_c154209 _d154209 |
||